Marvel Heroes who have their Own Movie - Statistics

General Stats
  • This quiz has been taken 71 times
    55 since last reset
  • The average score is 9 of 15
Answers on the Grid
Answers color-coded by a green-red scale on the quiz's grid according to % correct below.
Groot
Ant Man
Rogue
Gambit
Cyclops
Iron Man
Hulk
Thor
Captain America
Doctor Strange
Drax
Blade
Venom
Falcon
Quicksilver
Wolverine
Deadpool
Professor X
Cable
Spiderman
Daredevil
Elektra
Iron Fist
Punisher
War Machine
Scarlet Witch
Vision
Loki
Human Torch
Black Bolt
Sentry
Winter Soldier
Black Panther
She Hulk
Red Hulk
 
Answer Stats
Answer % Correct
Ant Man
74%
Captain America
74%
Deadpool
71%
Hulk
68%
Doctor Strange
62%
Venom
62%
Wolverine
62%
Black Panther
59%
Iron Man
59%
Spiderman
59%
Thor
56%
Blade
47%
Daredevil
44%
Elektra
35%
Punisher
35%
No matching quizzes found
Score Distribution
Percent of People with Each Score
Percentile by Number Answered
Your Score History
You have not taken this quiz since the last reset